| 000 | 00509cam a2200193 4500 | ||
|---|---|---|---|
| 008 | 090401t1988 xxu||||| |||| 00| 0 eng d | ||
| 020 | _a0415002087 | ||
| 035 | _a(Sirsi) u57672 | ||
| 041 | _aeng | ||
| 050 | _a338.4369 | ||
| 100 | _aBall, Michael | ||
| 245 | _aRebuilding construction: economic change and the British construction industry | ||
| 260 |
_aLondon _bRoutledge _c1988 |
||
| 300 | _ax,241p. ; 22cm. | ||
| 350 | _a10.95 | ||
| 650 | _aBUILDING INDUSTRY | ||
| 942 | _n0 | ||
| 948 | _c04/03/1997 | ||
| 999 |
_c93959 _d93959 |
||